01096cam a2200313 a 4500001000500000005001700005020001800022040002300040050001900063082001100082100001900093245004800112260003900160300004800199490001200247505000800259520014700267521002000414521002000434650001900454650002100473650002300494650004100517650002500558906004500583942001500628999001500643952012400658327920240223100311.0 a9780064440936 aDLCcDLCdDLCbeng00aPZ7.H635b198500a372.641 aHoban, Lillian10aArthur's loose tooth /cby Hoban , Lillian  aNew York :bHarperCollins , c1985 a63 pages : bcolor illustrations ; c23 cm. a Arthur aJ  aArthur the chimp is a little worried about losing his loose tooth, until his sister and their babysitter show him the real meaning of bravery. a500 bLexile  aJ bRaz-Plus  1aTeethxFiction 1aCouragexFiction 1aSiblingsxFiction. 1aBabysitters and babysittingxFiction 1aChimpanzeesxFiction a7bcbucorignewd1eocipf19gy-gencatlg 2ddccBKn0 c3279d3279 00102ddc40708JUVFa001b001cTTPd2024-02-23l0oHOB 372.64 PZ7.H635pFIS03609r2024-02-23 10:03:06w2024-02-23yBK